000 00945cam a2200265 4500
008 090401t1997 xxu||||| |||| 00| 0 eng d
020 _a0421561807
035 _a(Sirsi) u67242
041 _aeng
050 _a346.410434
100 _aFancourt, T.M.
245 _aEnforceability of landlord and tenant covenants.
260 _aLondon
_bSweet & Maxwell
_c1997
300 _axxix,387p. ; 24cm.
350 _a65
520 _aProvides a comprehensive overview of the enforceability of landlord and tenant covenants as affected by the new act. Examines the situation for both old and new tenancies, highlighting such areas as privity of contract, assignment and overiding leases.
650 _aASSIGNMENT
650 _aCOVENANTS
650 _aLANDLORD AND TENANT COVENANTS ACT 1995
650 _aLEASEHOLD COVENANTS
650 _aPRIVITY OF CONTRACT
690 _aLandlord and tenant
_96252
942 _n0
948 _c04/03/1997
999 _c94982
_d94982